00290nam a2200097 a 4500008004100000050001700041100001900058245004700077260005900124350000900183100216s2001 ||||||||||||||||| || u aPAPERS/STAFF aMaliti, Paul N10aPapers presented at workshops and seminars aKitwebCopperbelt University, School of Businessc2001 a0.00